[Event "WCO2014"]
[Site "Tromso"]
[Date "2014.08.09"]
[Round "7.40"]
[WhiteID "7902867"]
[White "Meghara Lylia"]
[BlackID "14100754"]
[Black "Baklanova Tatiana"]
[Result "0-1"]
[LiveChessVersion "1.4.3"]
[BlackElo "2229"]
[WhiteElo "1811"]

1. e4 {[%clk 1:30:57]} e6 {[%clk 1:30:57]} 2. d4 {[%clk 1:31:16]} d5
{[%clk 1:31:24]} 3. exd5 {[%clk 1:31:25]} exd5 {[%clk 1:31:51]} 4. Bd3
{[%clk 1:31:45]} c5 {[%clk 1:31:32]} 5. dxc5 {[%clk 1:27:02]} Bxc5
{[%clk 1:31:56]} 6. Nf3 {[%clk 1:26:22]} Nf6 {[%clk 1:32:20]} 7. O-O
{[%clk 1:26:19]} O-O {[%clk 1:32:46]} 8. Nbd2 {[%clk 1:24:24]} Bg4
{[%clk 1:32:32]} 9. c3 {[%clk 1:22:56]} Nc6 {[%clk 1:32:28]} 10. Qc2
{[%clk 1:20:16]} Rc8 {[%clk 1:29:30]} 11. Ng5 {[%clk 1:01:33]} h6
{[%clk 1:29:44]} 12. Nh7 {[%clk 0:54:27]} Re8 {[%clk 1:26:04]} 13. Nxf6+
{[%clk 0:40:38]} Qxf6 {[%clk 1:26:25]} 14. Nb3 {[%clk 0:40:53]} Bb6
{[%clk 1:26:09]} 15. h3 {[%clk 0:36:15]} Nb4 {[%clk 1:18:10]} 16. Qd2
{[%clk 0:31:55]} Nxd3 {[%clk 1:18:12]} 17. hxg4 {[%clk 0:30:35]} Nxf2
{[%clk 1:03:56]} 18. Rxf2 {[%clk 0:24:20]} Qxf2+ {[%clk 1:04:09]} 19. Qxf2
{[%clk 0:23:53]} Re1+ {[%clk 1:04:36]} 20. Kh2 {[%clk 0:24:03]} Bxf2
{[%clk 1:05:04]} 21. a4 {[%clk 0:21:23]} Rc4 {[%clk 1:04:48]} 22. g3
{[%clk 0:16:11]} Rxg4 {[%clk 1:02:44]} 23. Bf4 {[%clk 0:14:47]} Rxa1
{[%clk 1:02:53]} 24. Nxa1 {[%clk 0:15:15]} g5 {[%clk 1:03:18]} 25. Kh3
{[%clk 0:09:46]} f5 {[%clk 1:03:14]} 26. Bd6 {[%clk 0:09:01]} Rxa4
{[%clk 1:03:25]} 27. Nc2 {[%clk 0:08:41]} d4 {[%clk 1:03:18]} 28. cxd4
{[%clk 0:08:23]} Bxd4 {[%clk 1:02:01]} 29. b3 {[%clk 0:08:27]} Ra6
{[%clk 1:02:27]} 30. Nxd4 {[%clk 0:08:16]} Rxd6 {[%clk 1:02:53]} 31. Nxf5
{[%clk 0:08:28]} Rb6 {[%clk 1:03:17]} 32. Nd4 {[%clk 0:08:25]} Rb4
{[%clk 1:03:28]} 0-1

[Event "WCO2014"]
[Site "Tromso"]
[Date "2014.08.09"]
[Round "7.39"]
[WhiteID "24622788"]
[White "Mucha Annegret"]
[BlackID "7900970"]
[Black "Mezioud Amina"]
[Result "1-0"]
[LiveChessVersion "1.4.3"]
[BlackElo "2052"]
[WhiteElo "2008"]

1. e4 {[%clk 1:30:50]} e5 {[%clk 1:28:55]} 2. Nf3 {[%clk 1:31:14]} d6
{[%clk 1:29:15]} 3. Bc4 {[%clk 1:30:53]} Be7 {[%clk 1:29:36]} 4. O-O
{[%clk 1:26:36]} Nf6 {[%clk 1:29:56]} 5. d3 {[%clk 1:26:19]} O-O {[%clk 1:30:02]}
6. Re1 {[%clk 1:25:44]} c6 {[%clk 1:29:29]} 7. Bb3 {[%clk 1:25:18]} Nbd7
{[%clk 1:29:38]} 8. c3 {[%clk 1:25:21]} Qc7 {[%clk 1:28:41]} 9. d4
{[%clk 1:22:28]} b5 {[%clk 1:25:09]} 10. Nbd2 {[%clk 1:19:17]} c5
{[%clk 1:22:17]} 11. dxe5 {[%clk 1:12:17]} dxe5 {[%clk 1:21:36]} 12. c4
{[%clk 1:09:15]} a6 {[%clk 1:20:46]} 13. Qe2 {[%clk 1:08:22]} Bb7
{[%clk 1:09:49]} 14. Bc2 {[%clk 1:02:44]} Bc6 {[%clk 0:59:09]} 15. b3
{[%clk 1:01:20]} Rfd8 {[%clk 0:44:35]} 16. Nf1 {[%clk 0:58:57]} Nf8
{[%clk 0:42:10]} 17. Bb2 {[%clk 0:51:30]} Bd6 {[%clk 0:42:00]} 18. Ne3
{[%clk 0:43:14]} bxc4 {[%clk 0:37:07]} 19. bxc4 {[%clk 0:35:07]} Ne6
{[%clk 0:31:04]} 20. Nd5 {[%clk 0:28:52]} Bxd5 {[%clk 0:27:53]} 21. cxd5
{[%clk 0:25:33]} Nf4 {[%clk 0:22:16]} 22. Qc4 {[%clk 0:21:17]} Nd7
{[%clk 0:21:23]} 23. Bc3 {[%clk 0:19:19]} Nb6 {[%clk 0:20:43]} 24. Qf1
{[%clk 0:19:13]} Qe7 {[%clk 0:20:08]} 25. g3 {[%clk 0:15:19]} Ng6
{[%clk 0:19:48]} 26. Bd2 {[%clk 0:13:00]} Qd7 {[%clk 0:15:47]} 27. Rab1
{[%clk 0:09:16]} Bc7 {[%clk 0:14:48]} 28. Be3 {[%clk 0:06:57]} Qd6
{[%clk 0:14:39]} 29. Nd2 {[%clk 0:06:24]} Rdc8 {[%clk 0:13:37]} 30. Rb2
{[%clk 0:05:34]} Ne7 {[%clk 0:13:19]} 31. Reb1 {[%clk 0:04:11]} f5
{[%clk 0:11:06]} 32. Rxb6 {[%clk 0:03:43]} Bxb6 {[%clk 0:07:43]} 33. Nc4
{[%clk 0:04:07]} Qc7 {[%clk 0:06:03]} 34. Nxb6 {[%clk 0:03:31]} f4
{[%clk 0:06:26]} 35. Bd2 {[%clk 0:02:54]} fxg3 {[%clk 0:06:17]} 36. hxg3
{[%clk 0:03:04]} Ng6 {[%clk 0:04:24]} 37. Qh3 {[%clk 0:01:34]} c4
{[%clk 0:02:29]} 38. Nxa8 {[%clk 0:01:54]} Rxa8 {[%clk 0:02:50]} 39. Qe6+
{[%clk 0:01:59]} Kh8 {[%clk 0:02:56]} 40. Qc6 {[%clk 0:02:00]} Qd8
{[%clk 0:02:22]} 41. Qxc4 {[%clk 0:21:58]} Rc8 {[%clk 0:32:13]} 42. Qd3
{[%clk 0:22:15]} Qd7 {[%clk 0:30:30]} 43. Bd1 {[%clk 0:17:11]} Qh3
{[%clk 0:29:55]} 44. Qf1 {[%clk 0:17:09]} Qd7 {[%clk 0:29:50]} 45. Qxa6
{[%clk 0:16:11]} Rf8 {[%clk 0:29:30]} 46. Be3 {[%clk 0:14:12]} Qh3
{[%clk 0:27:27]} 47. Qe6 {[%clk 0:13:05]} 1-0

[Event "WCO2014"]
[Site "Tromso"]
[Date "2014.08.09"]
[Round "7.38"]
[WhiteID "7901798"]
[White "Latreche Sabrina"]
[BlackID "14124530"]
[Black "Myronenko Natalya"]
[Result "1-0"]
[LiveChessVersion "1.4.3"]
[BlackElo "1942"]
[WhiteElo "1972"]

1. e4 {[%clk 1:30:45]} e5 {[%clk 1:30:43]} 2. Nf3 {[%clk 1:30:54]} Nc6
{[%clk 1:31:02]} 3. Bc4 {[%clk 1:31:01]} Nf6 {[%clk 1:29:00]} 4. Ng5
{[%clk 1:24:54]} d5 {[%clk 1:17:05]} 5. exd5 {[%clk 1:25:17]} Nxd5
{[%clk 1:17:30]} 6. Qf3 {[%clk 1:13:35]} Qxg5 {[%clk 1:11:03]} 7. Bxd5
{[%clk 1:13:58]} Qg6 {[%clk 1:10:08]} 8. c3 {[%clk 1:12:49]} Bf5 {[%clk 0:54:25]}
9. d3 {[%clk 1:12:49]} O-O-O {[%clk 0:53:28]} 10. Be3 {[%clk 1:07:58]} Bxd3
{[%clk 0:51:39]} 11. Bxf7 {[%clk 1:06:24]} Qd6 {[%clk 0:51:38]} 12. Nd2
{[%clk 1:05:36]} Be7 {[%clk 0:48:34]} 13. Qg4+ {[%clk 1:00:08]} Kb8
{[%clk 0:47:22]} 14. Qxg7 {[%clk 1:00:07]} e4 {[%clk 0:42:17]} 15. Qh6
{[%clk 0:56:00]} Bf6 {[%clk 0:38:53]} 16. Qf4 {[%clk 0:42:22]} Be5
{[%clk 0:31:15]} 17. Qh6 {[%clk 0:41:15]} Bf6 {[%clk 0:31:29]} 18. Qf4
{[%clk 0:40:01]} Be5 {[%clk 0:31:37]} 19. Qh4 {[%clk 0:34:50]} Bf6
{[%clk 0:31:09]} 20. Qf4 {[%clk 0:34:37]} Be5 {[%clk 0:30:50]} 21. Qh4
{[%clk 0:34:31]} Bf6 {[%clk 0:30:25]} 22. Qf4 {[%clk 0:34:42]} Be5
{[%clk 0:30:37]} 23. Qf5 {[%clk 0:30:23]} Qf8 {[%clk 0:23:07]} 24. Be6
{[%clk 0:25:51]} Qd6 {[%clk 0:23:03]} 25. Nc4 {[%clk 0:24:13]} Qe7
{[%clk 0:19:54]} 26. Nxe5 {[%clk 0:21:41]} Nxe5 {[%clk 0:20:06]} 27. Bg5
{[%clk 0:21:42]} Qg7 {[%clk 0:15:38]} 28. Qf6 {[%clk 0:21:19]} Qf8
{[%clk 0:15:30]} 29. Qxe5 {[%clk 0:21:05]} Re8 {[%clk 0:15:19]} 30. Qf6
{[%clk 0:14:52]} Qc5 {[%clk 0:14:57]} 31. Bf7 {[%clk 0:13:46]} Ref8
{[%clk 0:14:01]} 32. Bh6 {[%clk 0:12:41]} Rd8 {[%clk 0:13:04]} 33. Bg7
{[%clk 0:13:01]} Rhf8 {[%clk 0:10:15]} 34. Bxf8 {[%clk 0:13:14]} Rxf8
{[%clk 0:10:43]} 35. O-O-O {[%clk 0:12:51]} a5 {[%clk 0:09:09]} 36. Rhe1
{[%clk 0:12:56]} a4 {[%clk 0:07:29]} 37. Rxd3 {[%clk 0:13:21]} exd3
{[%clk 0:07:22]} 38. Re8+ {[%clk 0:12:25]} Rxe8 {[%clk 0:07:44]} 39. Bxe8
{[%clk 0:12:50]} Qd5 {[%clk 0:07:38]} 40. Qd4 {[%clk 0:12:27]} Qxa2
{[%clk 0:04:59]} 41. Qxd3 {[%clk 0:10:17]} a3 {[%clk 0:04:50]} 42. bxa3
{[%clk 0:10:07]} Qxa3+ {[%clk 0:05:05]} 43. Kd2 {[%clk 0:09:14]} Qa2+
{[%clk 0:04:46]} 44. Ke1 {[%clk 0:08:39]} Qa1+ {[%clk 0:04:21]} 45. Ke2
{[%clk 0:09:04]} Qb2+ {[%clk 0:04:31]} 46. Kf3 {[%clk 0:09:08]} h6
{[%clk 0:04:40]} 47. Qd8+ {[%clk 0:09:18]} Ka7 {[%clk 0:04:58]} 48. Qxc7
{[%clk 0:09:40]} Qa3 {[%clk 0:05:13]} 49. Qg7 {[%clk 0:08:58]} Qa6
{[%clk 0:04:39]} 50. Qd4+ {[%clk 0:07:21]} Kb8 {[%clk 0:05:00]} 51. h4
{[%clk 0:05:49]} Ka8 {[%clk 0:03:23]} 52. Qa4 {[%clk 0:06:12]} 1-0

[Event "WCO2014"]
[Site "Tromso"]
[Date "2014.08.09"]
[Round "7.37"]
[WhiteID "24109622"]
[White "Gerasimova Olga"]
[BlackID "7901631"]
[Black "Toubal Hayat"]
[Result "1/2-1/2"]
[LiveChessVersion "1.4.3"]
[BlackElo "1938"]
[WhiteElo "2045"]

1. e4 {[%clk 1:30:56]} c6 {[%clk 1:30:49]} 2. d4 {[%clk 1:31:22]} d5
{[%clk 1:31:12]} 3. Nc3 {[%clk 1:31:45]} dxe4 {[%clk 1:31:32]} 4. Nxe4
{[%clk 1:32:10]} Bf5 {[%clk 1:31:24]} 5. Ng3 {[%clk 1:32:34]} Bg6
{[%clk 1:31:37]} 6. Bc4 {[%clk 1:32:40]} e6 {[%clk 1:31:24]} 7. N1e2
{[%clk 1:33:02]} Bd6 {[%clk 1:21:50]} 8. O-O {[%clk 1:33:15]} h6 {[%clk 1:13:08]}
9. f4 {[%clk 1:32:23]} Ne7 {[%clk 1:13:16]} 10. Bd3 {[%clk 1:28:02]} f5
{[%clk 0:53:01]} 11. c3 {[%clk 1:17:02]} Bf7 {[%clk 0:52:09]} 12. a3
{[%clk 1:09:30]} Nd7 {[%clk 0:49:04]} 13. c4 {[%clk 1:07:03]} c5 {[%clk 0:41:28]}
14. d5 {[%clk 1:00:34]} Nb6 {[%clk 0:31:49]} 15. dxe6 {[%clk 0:54:06]} Bxe6
{[%clk 0:32:09]} 16. Qc2 {[%clk 0:53:16]} O-O {[%clk 0:32:11]} 17. b3
{[%clk 0:52:27]} Qe8 {[%clk 0:27:57]} 18. Bb2 {[%clk 0:49:52]} Qf7
{[%clk 0:26:43]} 19. Qc3 {[%clk 0:48:24]} Qg6 {[%clk 0:20:31]} 20. Rf3
{[%clk 0:46:27]} Nd7 {[%clk 0:13:02]} 21. Re3 {[%clk 0:36:45]} Rf7
{[%clk 0:10:21]} 22. Re1 {[%clk 0:31:39]} Nf8 {[%clk 0:09:46]} 23. Nf1
{[%clk 0:30:21]} Qh7 {[%clk 0:08:58]} 24. Nd2 {[%clk 0:22:07]} Neg6
{[%clk 0:07:50]} 25. Rf1 {[%clk 0:21:25]} Bd7 {[%clk 0:06:51]} 26. Rh3
{[%clk 0:20:44]} Be7 {[%clk 0:06:40]} 27. Nf3 {[%clk 0:20:20]} Bf6
{[%clk 0:05:23]} 28. Qc2 {[%clk 0:20:38]} Bxb2 {[%clk 0:05:17]} 29. Ng5
{[%clk 0:19:19]} Qh8 {[%clk 0:03:43]} 30. Nxf7 {[%clk 0:19:40]} Kxf7
{[%clk 0:04:11]} 31. Qxb2 {[%clk 0:19:59]} Re8 {[%clk 0:03:57]} 32. Qc2
{[%clk 0:19:16]} Ne7 {[%clk 0:03:56]} 33. Nc3 {[%clk 0:19:15]} Nfg6
{[%clk 0:04:07]} 34. Nd5 {[%clk 0:18:46]} Qf8 {[%clk 0:04:03]} 35. Nxe7
{[%clk 0:17:01]} Nxe7 {[%clk 0:04:24]} 36. Re1 {[%clk 0:16:37]} Nc6
{[%clk 0:03:33]} 37. Rhe3 {[%clk 0:16:16]} Rxe3 {[%clk 0:02:53]} 38. Rxe3
{[%clk 0:16:41]} Nd4 {[%clk 0:03:20]} 39. Qd1 {[%clk 0:14:11]} Qd6
{[%clk 0:03:20]} 40. Re5 {[%clk 0:12:16]} b6 {[%clk 0:01:51]} 41. b4
{[%clk 0:09:43]} g5 {[%clk 0:29:54]} 42. Rd5 {[%clk 0:35:50]} Qe7
{[%clk 0:27:14]} 43. Re5 {[%clk 0:33:26]} Qd6 {[%clk 0:26:48]} 44. Rd5
{[%clk 0:27:38]} Qe7 {[%clk 0:27:03]} 45. bxc5 {[%clk 0:14:17]} bxc5
{[%clk 0:25:35]} 46. Re5 {[%clk 0:10:39]} Qd6 {[%clk 0:25:58]} 47. Rd5 Qe7
{[%clk 0:26:18]} 48. Re5 {[%clk 0:05:19]} Qd6 {[%clk 0:26:43]} 49. Rd5
{[%clk 0:05:24]} 1/2-1/2

[Event "WCO2014"]
[Site "Tromso"]
[Date "2014.08.09"]
[Round "7.13"]
[WhiteID "11601124"]
[White "Reizniece-Ozola Dana"]
[BlackID "309672"]
[Black "Havlikova Kristyna"]
[Result "0-1"]
[LiveChessVersion "1.4.3"]
[BlackElo "2215"]
[WhiteElo "2278"]

1. c4 {[%clk 1:30:57]} g6 {[%clk 1:30:52]} 2. g3 {[%clk 1:30:23]} Bg7
{[%clk 1:31:06]} 3. Bg2 {[%clk 1:29:26]} c5 {[%clk 1:31:11]} 4. Nc3
{[%clk 1:27:53]} Nc6 {[%clk 1:31:08]} 5. e4 {[%clk 1:25:27]} d6 {[%clk 1:26:15]}
6. Nge2 {[%clk 1:24:17]} e6 {[%clk 1:24:54]} 7. d3 {[%clk 1:21:26]} Nge7
{[%clk 1:23:49]} 8. Bg5 {[%clk 1:17:01]} h6 {[%clk 1:10:11]} 9. Be3
{[%clk 1:17:07]} Nd4 {[%clk 1:10:33]} 10. Qd2 {[%clk 1:09:46]} Nec6
{[%clk 1:10:35]} 11. O-O {[%clk 1:06:18]} a6 {[%clk 1:09:58]} 12. f4
{[%clk 1:01:47]} Bd7 {[%clk 1:08:31]} 13. Rae1 {[%clk 0:58:16]} Nxe2+
{[%clk 0:52:22]} 14. Nxe2 {[%clk 0:56:22]} Qb6 {[%clk 0:39:49]} 15. f5
{[%clk 0:52:32]} Qxb2 {[%clk 0:37:03]} 16. Qxb2 {[%clk 0:49:05]} Bxb2
{[%clk 0:37:30]} 17. Rb1 {[%clk 0:46:25]} Be5 {[%clk 0:35:45]} 18. fxg6
{[%clk 0:46:39]} fxg6 {[%clk 0:36:10]} 19. Rxb7 {[%clk 0:45:55]} Rb8
{[%clk 0:32:30]} 20. Rxb8+ {[%clk 0:39:26]} Nxb8 {[%clk 0:32:58]} 21. Nf4
{[%clk 0:35:43]} Rg8 {[%clk 0:27:17]} 22. Rb1 {[%clk 0:33:08]} Nc6
{[%clk 0:27:44]} 23. Rb6 {[%clk 0:29:58]} Ke7 {[%clk 0:27:29]} 24. h4
{[%clk 0:19:12]} g5 {[%clk 0:20:19]} 25. hxg5 {[%clk 0:19:10]} hxg5
{[%clk 0:20:47]} 26. Ne2 {[%clk 0:18:48]} a5 {[%clk 0:18:13]} 27. a3
{[%clk 0:17:50]} Bf6 {[%clk 0:18:09]} 28. Rb7 {[%clk 0:11:10]} Ne5
{[%clk 0:16:12]} 29. d4 {[%clk 0:08:27]} cxd4 {[%clk 0:10:50]} 30. Nxd4
{[%clk 0:05:00]} Rc8 {[%clk 0:10:48]} 31. Ra7 {[%clk 0:03:45]} Rxc4
{[%clk 0:06:02]} 32. Nf3 {[%clk 0:02:03]} Nc6 {[%clk 0:03:15]} 33. Rb7
{[%clk 0:02:00]} g4 {[%clk 0:03:18]} 34. e5 {[%clk 0:01:26]} Nxe5
{[%clk 0:01:11]} 35. Nxe5 {[%clk 0:01:20]} dxe5 {[%clk 0:01:31]} 36. Bd2
{[%clk 0:01:05]} e4 {[%clk 0:01:27]} 37. Bxa5 {[%clk 0:01:12]} Bd4+
{[%clk 0:01:00]} 38. Kh2 {[%clk 0:01:19]} e3 {[%clk 0:00:41]} 39. Bb4+
{[%clk 0:01:19]} Kd8 {[%clk 0:00:44]} 40. Ba5+ {[%clk 0:01:03]} Ke7
{[%clk 0:01:03]} 41. Rb1 {[%clk 0:25:54]} Rc2 {[%clk 0:27:41]} 42. Kh1
{[%clk 0:25:09]} e2 {[%clk 0:19:51]} 43. Be1 {[%clk 0:22:34]} Rb2
{[%clk 0:15:42]} 44. Rxb2 {[%clk 0:19:38]} Bxb2 {[%clk 0:16:10]} 45. Kg1
{[%clk 0:19:14]} Bxa3 {[%clk 0:15:49]} 46. Kf2 {[%clk 0:19:38]} Bb5
{[%clk 0:15:47]} 47. Ke3 {[%clk 0:15:08]} e5 {[%clk 0:12:28]} 48. Bb7
{[%clk 0:15:10]} Kf6 {[%clk 0:10:15]} 49. Bc8 {[%clk 0:11:52]} Bc5+
{[%clk 0:07:37]} 50. Ke4 {[%clk 0:12:20]} Bc6+ {[%clk 0:08:03]} 51. Kd3
{[%clk 0:12:45]} Bf3 {[%clk 0:08:27]} 52. Kc4 {[%clk 0:12:22]} Bg1
{[%clk 0:07:41]} 53. Ba6 {[%clk 0:09:28]} e4 {[%clk 0:06:46]} 54. Kc3
{[%clk 0:09:00]} e3 {[%clk 0:06:34]} 0-1

[Event "WCO2014"]
[Site "Tromso"]
[Date "2014.08.09"]
[Round "7.14"]
[WhiteID "320242"]
[White "Olsarova Karolina"]
[BlackID "11601345"]
[Black "Berzina Ilze"]
[Result "1-0"]
[LiveChessVersion "1.4.3"]
[BlackElo "2247"]
[WhiteElo "2237"]

1. e4 {[%clk 1:30:58]} c6 {[%clk 1:30:50]} 2. d4 {[%clk 1:31:17]} d5
{[%clk 1:31:06]} 3. Nd2 {[%clk 1:31:39]} dxe4 {[%clk 1:31:27]} 4. Nxe4
{[%clk 1:32:03]} Nd7 {[%clk 1:31:36]} 5. Nf3 {[%clk 1:31:07]} Ngf6
{[%clk 1:31:15]} 6. Ned2 {[%clk 1:31:06]} e6 {[%clk 1:28:57]} 7. g3
{[%clk 1:31:02]} Be7 {[%clk 1:26:09]} 8. Bg2 {[%clk 1:30:18]} O-O
{[%clk 1:18:32]} 9. Nc4 {[%clk 1:28:04]} b5 {[%clk 1:11:48]} 10. Nfe5
{[%clk 1:17:49]} Bb7 {[%clk 1:03:17]} 11. Bxc6 {[%clk 1:02:23]} Nxe5
{[%clk 0:30:08]} 12. Nxe5 {[%clk 1:01:45]} Bb4+ {[%clk 0:30:30]} 13. Ke2
{[%clk 0:41:57]} Qc7 {[%clk 0:29:48]} 14. Bxb7 {[%clk 0:39:10]} Qxb7
{[%clk 0:30:16]} 15. f3 {[%clk 0:39:02]} Bd6 {[%clk 0:28:12]} 16. Nd3
{[%clk 0:34:33]} Rfe8 {[%clk 0:27:21]} 17. Re1 {[%clk 0:32:13]} Rad8
{[%clk 0:24:04]} 18. Bg5 {[%clk 0:25:48]} Be7 {[%clk 0:23:10]} 19. Be3
{[%clk 0:23:39]} Nd5 {[%clk 0:22:46]} 20. Qd2 {[%clk 0:22:35]} Nb6
{[%clk 0:20:04]} 21. Kf2 {[%clk 0:21:03]} Bf6 {[%clk 0:19:20]} 22. c3
{[%clk 0:17:35]} e5 {[%clk 0:17:17]} 23. dxe5 {[%clk 0:14:21]} Bxe5
{[%clk 0:14:42]} 24. Qc2 {[%clk 0:13:59]} Nc4 {[%clk 0:13:20]} 25. Rad1
{[%clk 0:08:41]} Bf6 {[%clk 0:11:49]} 26. Bc1 {[%clk 0:05:37]} h5
{[%clk 0:09:45]} 27. h4 {[%clk 0:03:46]} a6 {[%clk 0:08:19]} 28. Nf4
{[%clk 0:03:10]} Ne5 {[%clk 0:07:50]} 29. Re3 {[%clk 0:01:38]} g6
{[%clk 0:06:05]} 30. Kg2 {[%clk 0:01:06]} Qc6 {[%clk 0:03:16]} 31. Rxd8
{[%clk 0:00:58]} Rxd8 {[%clk 0:03:39]} 32. Qe2 {[%clk 0:00:58]} Nc4
{[%clk 0:03:06]} 33. Re4 {[%clk 0:00:44]} Nd6 {[%clk 0:02:32]} 34. Re3
{[%clk 0:00:37]} Nc4 {[%clk 0:02:15]} 35. Rd3 {[%clk 0:00:52]} Re8
{[%clk 0:02:32]} 36. Qf2 {[%clk 0:00:52]} Kg7 {[%clk 0:02:25]} 37. Rd1
{[%clk 0:00:37]} Re5 {[%clk 0:01:34]} 38. Rf1 {[%clk 0:00:37]} Rf5
{[%clk 0:01:38]} 39. Re1 {[%clk 0:00:35]} Rc5 {[%clk 0:01:18]} 40. Re2
{[%clk 0:00:35]} Ne5 {[%clk 0:01:10]} 41. Re4 {[%clk 0:25:28]} a5
{[%clk 0:27:05]} 42. Qe2 {[%clk 0:20:29]} Nc4 {[%clk 0:18:12]} 43. Qd1
{[%clk 0:11:33]} b4 {[%clk 0:16:33]} 44. cxb4 {[%clk 0:08:18]} axb4
{[%clk 0:16:57]} 45. Nd3 {[%clk 0:07:40]} Qd5 {[%clk 0:09:31]} 46. Qe2
{[%clk 0:06:30]} Rc8 {[%clk 0:08:19]} 47. Nxb4 {[%clk 0:05:46]} Qb5
{[%clk 0:08:30]} 48. b3 {[%clk 0:03:14]} Qxb4 {[%clk 0:08:33]} 49. Rxc4
{[%clk 0:03:39]} Qb5 {[%clk 0:08:55]} 50. Qc2 {[%clk 0:03:17]} Rd8
{[%clk 0:08:37]} 51. Bf4 {[%clk 0:03:13]} Rd5 {[%clk 0:06:07]} 52. a4
{[%clk 0:02:29]} Qd7 {[%clk 0:06:36]} 53. b4 {[%clk 0:02:23]} Rd3
{[%clk 0:06:51]} 54. Qe2 {[%clk 0:01:23]} Rb3 {[%clk 0:05:21]} 55. b5
{[%clk 0:01:28]} Qf5 {[%clk 0:05:27]} 56. Bc1 {[%clk 0:01:05]} Qb1
{[%clk 0:04:48]} 57. Qc2 {[%clk 0:00:59]} Qxc2+ {[%clk 0:02:53]} 58. Rxc2
{[%clk 0:01:26]} Bc3 {[%clk 0:03:14]} 59. Rxc3 {[%clk 0:01:44]} 1-0

[Event "WCO2014"]
[Site "Tromso"]
[Date "2014.08.09"]
[Round "7.15"]
[WhiteID "11602260"]
[White "Skinke Katrina"]
[BlackID "307033"]
[Black "Sikorova Olga"]
[Result "1-0"]
[LiveChessVersion "1.4.3"]
[BlackElo "2289"]
[WhiteElo "2217"]

1. e4 {[%clk 1:30:58]} e6 {[%clk 1:30:48]} 2. d4 {[%clk 1:31:23]} d5
{[%clk 1:31:09]} 3. Nd2 {[%clk 1:31:26]} dxe4 {[%clk 1:18:45]} 4. Nxe4
{[%clk 1:31:45]} Nd7 {[%clk 1:18:55]} 5. Nf3 {[%clk 1:26:02]} Ngf6
{[%clk 1:16:00]} 6. Bd3 {[%clk 1:23:41]} Nxe4 {[%clk 1:13:31]} 7. Bxe4
{[%clk 1:24:00]} Nf6 {[%clk 1:13:56]} 8. Bd3 {[%clk 1:21:14]} Be7
{[%clk 1:12:47]} 9. O-O {[%clk 1:19:34]} O-O {[%clk 1:11:28]} 10. b3
{[%clk 1:14:02]} b6 {[%clk 1:09:44]} 11. Bb2 {[%clk 1:10:51]} Bb7
{[%clk 1:07:13]} 12. c4 {[%clk 1:05:12]} c5 {[%clk 1:03:59]} 13. dxc5
{[%clk 1:02:53]} bxc5 {[%clk 0:55:50]} 14. Qe2 {[%clk 0:58:57]} Qc7
{[%clk 0:48:39]} 15. Ne5 {[%clk 0:56:25]} Rad8 {[%clk 0:42:23]} 16. f4
{[%clk 0:48:11]} Bd6 {[%clk 0:31:10]} 17. Rad1 {[%clk 0:37:39]} Ba8
{[%clk 0:17:44]} 18. Rde1 {[%clk 0:16:58]} Qb7 {[%clk 0:14:48]} 19. Rf3
{[%clk 0:13:37]} Rfe8 {[%clk 0:09:05]} 20. Rg3 {[%clk 0:12:21]} Be7
{[%clk 0:05:43]} 21. Bc2 {[%clk 0:06:40]} Rd6 {[%clk 0:03:37]} 22. Bc3
{[%clk 0:06:09]} Red8 {[%clk 0:03:11]} 23. Rh3 {[%clk 0:05:45]} g6
{[%clk 0:03:11]} 24. Nf3 {[%clk 0:03:41]} Ne8 {[%clk 0:02:38]} 25. Ng5
{[%clk 0:03:28]} Bf6 {[%clk 0:02:22]} 26. Be4 {[%clk 0:01:55]} Qe7
{[%clk 0:02:16]} 27. Ba5 {[%clk 0:01:47]} Rc8 {[%clk 0:01:03]} 28. Nxh7
{[%clk 0:01:41]} Bd4+ {[%clk 0:01:23]} 29. Kh1 {[%clk 0:02:07]} Bxe4
{[%clk 0:01:17]} 30. Qxe4 {[%clk 0:02:33]} Nf6 {[%clk 0:01:28]} 31. Nxf6+
{[%clk 0:02:57]} Qxf6 {[%clk 0:01:30]} 32. a3 {[%clk 0:02:25]} Bb2
{[%clk 0:00:42]} 33. Qb7 {[%clk 0:01:45]} Rf8 {[%clk 0:00:42]} 34. Qf3
{[%clk 0:01:23]} Kg7 {[%clk 0:00:41]} 35. b4 {[%clk 0:01:10]} Rd4
{[%clk 0:00:38]} 36. Bc7 {[%clk 0:01:03]} Rd2 {[%clk 0:00:34]} 37. bxc5
{[%clk 0:01:03]} Qf5 {[%clk 0:00:39]} 38. Bd6 {[%clk 0:01:01]} Qc2
{[%clk 0:00:48]} 39. Bxf8+ {[%clk 0:01:16]} 1-0